000 00719nam a2200193Ia 4500
008 151121s9999||||xx |||||||||||||| ||und||
082 _a814/गोरे
082 _bHNW-19706
100 _aगोरे ना। ग।-अनु।
245 _aद्विखंड हिंदुस्थान
260 _b"सुलभ राष्ट्रीय ग्रंथमाला, पुणे।"
260 _c--
300 _a604
600 _aगोरे ना। ग।-अनु।
630 _aद्विखंड हिंदुस्थान
700 _aगोरे ना। ग।-अनु।
730 _aद्विखंड हिंदुस्थान
942 _cBOOK
999 _c1220873
_d1220870